Násilie proti riešeniu V Juhoslávii pretrváva politické napätie

Bibliographic Details
Format: Article
Language:Slovak
Subjects:

MARC

LEADER 00000nab a2200000 a 4500
001 vtls000414596
003 SK-MaSNL
005 20260305043339.0
008 120925c1991 xo 0 slo
015 |a SNBRB19rr/mm-uuuuu 
035 |a CL0414721 
040 |a SNKBUCL  |b slo  |c SNKBUCL  |e AACR2 
041 0 |a slo 
044 |a xo  |c SK 
080 |a 323(497.1)  |2 1981 
245 0 0 |a Násilie proti riešeniu  |b V Juhoslávii pretrváva politické napätie 
650 0 7 |a vnútorná politika  |2 snkbucl  |9 970 
651 7 |a Juhoslávia  |2 snkbucl  |9 22118 
655 7 |a články z novín a časopisov  |2 snkbucl  |9 267496 
773 0 |t Pravda  |g Roč. 72, č. 105 (6. 5. 1991), s. 1 a 8 
850 |a Slovenská národná knižnica v Martine  |a MTA001 
852 |a SNK  |b KIS3GCP 
958 |a RK 
992 |a RBX 
999 |c 3353021  |d 3354951